桃太郎電鉄の物件駅(令和) - Statistics

General Stats
  • This quiz has been taken 580 times
  • The average score is 132 of 339
Answer Stats
% Correct
北海道 札幌
90%
北海道 函館
85%
北海道 稚内
83%
北海道 旭川
82%
東北 青森
80%
北海道 釧路
79%
北海道 小樽
76%
北海道 根室
75%
東北 仙台
74%
東北 秋田
74%
関東 東京
74%
東北 盛岡
72%
北海道 苫小牧
71%
東北 福島
71%
東北 八戸
71%
関東 横浜
71%
北海道 帯広
70%
関東 宇都宮
70%
東北 山形
69%
近畿
69%
北海道 網走
68%
北海道
67%
関東 新宿
67%
関東 水戸
67%
近畿 大阪
67%
北海道 室蘭
66%
東北 弘前
66%
中部 名古屋
66%
北海道 北見
65%
東北 いわき
65%
関東 前橋
65%
中部 新潟
65%
近畿 京都
65%
北海道 富良野
64%
北海道 長万部
64%
関東 千葉
64%
中部 長野
64%
東北 郡山
63%
関東 上野
63%
中部 浜松
63%
中部 静岡
63%
近畿 神戸
63%
中国 岡山
63%
関東 渋谷
62%
関東 高崎
62%
中部 岐阜
62%
中国 広島
61%
四国 高知
61%
九州・沖縄 那覇
61%
北海道 ニセコ
60%
関東 品川
60%
関東 川崎
60%
関東 小田原
60%
中部 金沢
60%
中部 富山
60%
近畿 和歌山
60%
中国 鳥取
60%
四国 徳島
60%
四国 高松
60%
関東 さいたま
59%
中部 熱海
59%
中部 福井
59%
中国 山口
59%
中国 下関
59%
四国 松山
59%
九州・沖縄 長崎
59%
九州・沖縄 鹿児島
59%
北海道 留萌
58%
中部 甲府
58%
中部 松本
58%
近畿 奈良
58%
中国 松江
57%
九州・沖縄 博多
57%
関東 八王子
56%
近畿 姫路
56%
近畿 大津
56%
九州・沖縄 宮崎
56%
東北 酒田
55%
関東 銚子
55%
九州・沖縄 熊本
55%
九州・沖縄 佐賀
55%
九州・沖縄 大分
55%
北海道 夕張
54%
東北 花巻
54%
東北 会津若松
54%
近畿 伊勢
54%
中国 出雲
54%
九州・沖縄 佐世保
54%
北海道 名寄
53%
東北 石巻
53%
北海道 利尻
52%
東北 鶴岡
52%
東北 米沢
52%
中部 豊橋
52%
中部 長岡
52%
中部 敦賀
52%
中国 倉敷
52%
北海道 登別
51%
東北 五所川原
51%
関東 船橋
51%
近畿 四日市
51%
東北 気仙沼
50%
東北 むつ
50%
関東 横須賀
50%
関東 那須
50%
中部 高山
50%
中国 福山
50%
九州・沖縄 別府
50%
北海道 礼文
49%
関東 館山
49%
中部 高岡
49%
九州・沖縄 小倉
49%
中部 豊田
48%
近畿
48%
四国 今治
48%
東北 横手
47%
関東 土浦
47%
九州・沖縄 中津
47%
東北 喜多方
46%
関東 草津
46%
中部 岡崎
46%
中部 佐渡
46%
近畿 明石
46%
中部 上越
45%
中部 下田
45%
九州・沖縄 久留米
45%
中国
44%
四国 宇和島
44%
北海道 紋別
43%
東北 天童
43%
関東 秋葉原
43%
関東 鎌倉
43%
中国
43%
四国 鳴門
43%
九州・沖縄 都城
43%
北海道 池田
42%
関東 熊谷
42%
中部 湯沢
42%
中部 軽井沢
42%
中部 糸魚川
42%
近畿 新宮
42%
東北 久慈
41%
関東 箱根
41%
近畿 福知山
41%
近畿 舞鶴
41%
中国 岩国
41%
北海道 洞爺湖
40%
北海道 襟裳
40%
北海道 八雲
40%
東北 釜石
40%
中部 小松
40%
中部 三島
40%
九州・沖縄 鳥栖
40%
九州・沖縄 石垣島
40%
関東 原宿
39%
近畿 松阪
39%
近畿 鳥羽
39%
近畿 淡路島
39%
九州・沖縄 宮古島
39%
東北 大船渡
38%
中部 村上
38%
近畿 天王寺
38%
近畿 彦根
38%
九州・沖縄 八代
38%
北海道 増毛
37%
関東 鴨川
37%
中部 鯖江
37%
中部 小浜
37%
中国 尾道
37%
四国 四国中央
37%
九州・沖縄 唐津
37%
九州・沖縄 種子島
37%
北海道 江差
36%
北海道 砂川
36%
北海道 阿寒
36%
関東 秩父
36%
中部 上田
36%
中部 中津川
36%
九州・沖縄 天草
36%
北海道 余市
35%
北海道 美瑛
35%
東北 大間
35%
東北 角館
35%
東北 女川
35%
中国 境港
35%
海外 ホノルル
35%
東北 平泉
34%
近畿 長浜
34%
近畿 伊賀
34%
中国 宇部
34%
九州・沖縄 諫早
34%
九州・沖縄 対馬
34%
北海道 厚岸
33%
関東 栃木
33%
近畿 白浜
33%
近畿 城崎
33%
中国 浜田
33%
九州・沖縄 屋久島
33%
北海道 上川
32%
北海道 斜里
32%
近畿 近江八幡
32%
四国 坂出
32%
四国 さぬき
32%
九州・沖縄 水俣
32%
九州・沖縄 壱岐
32%
北海道 松前
31%
関東 幕張
31%
関東 桐生
31%
関東 深谷
31%
関東 沼田
31%
中部 富士宮
31%
中部 和倉温泉
31%
中部 氷見
31%
近畿 なんば
31%
近畿 御坊
31%
九州・沖縄 奄美大島
31%
北海道 遠軽
30%
東北 名取
30%
東北 松島
30%
九州・沖縄 五島
30%
東北 三沢
29%
近畿 赤穂
29%
近畿 鶴橋
29%
九州・沖縄 人吉
29%
九州・沖縄 枕崎
29%
中部
28%
中部 小淵沢
28%
近畿 岸和田
28%
四国 土佐清水
28%
九州・沖縄 湯布院
28%
九州・沖縄 日田
27%
九州・沖縄 名護
27%
九州・沖縄 鹿屋
27%
北海道 ススキノ
26%
北海道 浜頓別
26%
北海道 中標津
26%
東北 遠野
26%
関東 浅草
26%
関東 ひたちなか
26%
関東 大久保
26%
関東 伊豆大島
26%
中部 安城
26%
中部 富士吉田
26%
中部 常滑
26%
中部 魚沼
26%
近畿 吹田
26%
近畿 橿原
26%
中国 宮島
26%
東北 鳴子
25%
中部 郡上
25%
九州・沖縄 門司港
25%
九州・沖縄 有田
25%
北海道 天塩
24%
関東 日本橋
24%
関東 佐原
24%
関東 八丈島
24%
中部 白馬
24%
九州・沖縄 伊万里
24%
九州・沖縄 飯塚
24%
北海道 興部
23%
北海道 摩周
23%
東北 登米
23%
東北 黒石
23%
関東 銀座
23%
中部 修善寺
23%
近畿 京橋
23%
近畿 出石
23%
北海道 足寄
22%
中部 瀬戸
22%
中部 土岐
22%
四国 須崎
22%
北海道 定山渓
21%
東北 菜の花
21%
近畿 嵐山
21%
中国 津和野
21%
九州・沖縄 桜島
21%
北海道 芽室
20%
東北 田子
20%
近畿 三田
20%
九州・沖縄 太宰府
20%
北海道 中札内
19%
関東 お台場
19%
関東 湯河原
19%
九州・沖縄 うるま
19%
東北 三戸
18%
関東 北茨城
18%
関東 笠間
18%
中部 射水
18%
中部 駒ヶ根
18%
四国 道後
18%
四国 四万十川
18%
北海道 羅臼
17%
北海道 別海
17%
北海道 陸別
17%
近畿 門真
17%
近畿 有馬
17%
近畿 祇園
17%
中国 石見銀山
17%
四国 安芸
17%
中部 茶屋街
16%
中部 東尋坊
16%
近畿 五條
16%
九州・沖縄 糸島
16%
北海道 和寒
15%
東北 竜飛
15%
関東 後楽園
15%
中国 柳井
15%
九州・沖縄 竹田
15%
九州・沖縄 金武
15%
関東 千駄ヶ谷
14%
関東 中華街
14%
中部 名古屋港
14%
中国 湯田温泉
14%
北海道 美幌
13%
中国 仙崎
13%
中国 蒜山
13%
中国 日生
13%
九州・沖縄 久米島
13%
中部 松崎
12%
中部 千曲
12%
近畿 天保山
12%
近畿 北浜
12%
中国 安来
12%
九州・沖縄 知覧
12%
九州・沖縄 西都
12%
東北 金木
11%
中部 香林坊
11%
中部 伊豆高原
11%
九州・沖縄 本部
11%
九州・沖縄 茂木
11%
九州・沖縄 大宜味
11%
中部 小布施
10%
中国 鞆の浦
10%
中国 生口島
10%
中国 大根島
10%
四国 大三島
10%
九州・沖縄 中洲
10%
九州・沖縄 小城
10%
九州・沖縄 秋月
8%
No matching quizzes found
Score Distribution
Percent of People with Each Score
Percentile by Number Answered
Your Score History
You have not taken this quiz